Normal view
MARC view
- مجاهد ، اسامة أبو الحسن
Entry Personal Name
001 - CONTROL NUMBER
- control field: 32443
003 - CONTROL NUMBER IDENTIFIER
- control field: JO-AjAnu
005 - DATE AND TIME OF LATEST TRANSACTION
- control field: 20230606075443.0
008 - FIXED-LENGTH DATA ELEMENTS
- fixed length control field: 230606|| aca||aabn | a|a d
040 ## - CATALOGING SOURCE
- Original cataloging agency: JO-AjAnu
- Transcribing agency: JO-AjAnu
100 ## - HEADING--PERSONAL NAME
- Personal name: مجاهد ، اسامة أبو الحسن
670 ## - SOURCE DATA FOUND
- Source citation: Work cat.: (JO-AjAnu)16666: مجاهد ، اسامة أبو الحسن , author, الوسيط في قانون المعاملات الإلكترونية وفقا لأحداث التشريعات في فرنسا . مصر . الأردن . دبي . البحرين